000 00208 a2200109 4500
020 _a9780912423487
041 _aeng
100 _aJohn Klippel
245 _aArthritis Medication
942 _cBK
952 _71
999 _c22254
_d22254